000 00856nam a2200253Ia 4500
005 20221123120244.0
008 210716s2014 xx 000 0 und d
020 _a9789332523876
040 _cAIMIT LIBRARY
041 _aeng
082 _a621.3821
_22
_bSCHR
100 _aSchwarz, Ronan.
_963391
245 _aAndroid developers cookbook:
_bbuilding applications with the android sdk /
_cBy Ronan Schwarz...[et.al].
250 _a2nd ed.
260 _aNew Delhi :
_bPearson Education ,
_c2014.
300 _axxiii,436p. ;
_c23 cm.
650 _aThreads services receivers and alerts
_963395
650 _aAdvanced threading techniques
_963396
650 _aAdvanced user interface techniques
_963397
700 _aDutson, Phil.
_963392
700 _aSteele, James
_963393
700 _aTo Nelson
_963394
942 _2ddc
_cBK
_e2nd
_k621.3821 SCHR
999 _c195078
_d195078